Quizzes
Events
Quiz Creation
Community
Videos
Private Events
Remove Ads
Sign In
Join for FREE
Feedback
Dark Mode
Quiz Categories
Sports
Geography
Music
Movies
Television
Just For Fun
Miscellaneous
History
Literature
Language
Science
Gaming
Entertainment
Religion
Holiday
For Kids
Quiz Lab
Recent
Popular Today
Quiz Kudos Today
Editor Picks
Curator Picks
Quizzes by...
Day
Popularity
Type
Ratings
Length
Year
Community
Subscriptions
Recent Discussions
Orange Saloon
Badges
Playlists
Quests
Create
Leaderboards
Showdown
Live 5
Trivia Bingo
Activity
Puzzle Library
Sporcle Events
Private Events
Virtual Trivia
Globe League
Become a Host
Pub Owners
SporcleCon
Opinionation
Our Games
Videos
Blog
Mobile Apps
Partnerships
Remove Ads and Go Orange
Feedback
Literature
Harry Potter
A Song of Ice and Fire
The Hunger Games
Literary Character
Shakespeare
Book
Author
Novel
Poem
Young Adult
Children's Books
Play
Lord of the Rings
Literature
Harry Potter
A Song of Ice and Fire
The Hunger Games
Literary Character
Shakespeare
Book
Author
Novel
Poem
Young Adult
Children's Books
Play
Lord of the Rings
Random Quiz
Search Sporcle
×
Quiz Lab
Quiz Lab
Literature
Harry Potter
Type in answers that appear in a list
Type in answers that appear in a list
Classic
Best Score? Go Orange.
Harry Potter Hogwarts Staff Stats
Can you name the staff of Hogwarts?
By
scorpio4
5m
31 Questions
379 Plays
379 Plays
379 Plays
Comments
Comments
Give Quiz Kudos
Give Quiz Kudos
-
- Ratings
hide this ad
Forced Order
Answers have to be entered in order
Answers have to be entered in order
Replay
Link that replays current quiz
Next Quiz
Link to next quiz in quiz playlist
You Got
0%
They Got
Avg Score
85%
Avg Friend Score
Upgrade to see
Score Distribution
Jump to the score distribution portion of the page
Score
0/31
Timer
05:00
0
Plays Today
Subject/Job
Teacher/Staff
% Correct
Headmaster (Years 1-
6)
Professor Dumbledore
99.5%
Potions (Years 1-
5)
Professor Snape
97.4%
Transfiguration
Professor McGonagall
95.8%
Charms
Professor Flitwick
95.8%
Herbology
Professor Sprout
95.3%
Care of Magical Creatures (Years 3-
7)
Hagrid
95%
Defense Against the Dark Arts (Year 3)
Professor Lupin
94.7%
Defense Against the Dark Arts (Year 4)
Professor Moody (actually Barty Crouch Jr.)
93.9%
Defense Against the Dark Arts (Year 5)
Professor Umbridge
93.9%
Defense Against the Dark Arts (Year 2)
Professor Lockhart
93.7%
Defense Against the Dark Arts (Year 6)
Professor Snape
93.7%
Defense Against the Dark Arts (Year 1)
Professor Quirrell
91.8%
Divination (human)
Professor Trelawney
91.3%
Flying
Madam Hooch
91.3%
Herbology (2017)
Professor Longbottom
90.2%
Divination (centaur)
Firenze
89.7%
Subject/Job
Teacher/Staff
% Correct
Potions (Year 6-
7)
Professor Slughorn
89.4%
History of Magic
Professor Binns
88.9%
Caretaker
Mr. Filch
88.1%
Dark Arts (Year 7)
Professor Carrow (Amycus)
86.8%
Nurse
Madam Pomfrey
86.8%
Headmaster (Year 7)
Professor Snape
86.5%
Headmaster (Part of Year 5)
Professor Umbridge
83.6%
Care of Magical Creatures (substitute)
Professor Grubby-Plank
80.7%
Muggle Studies (Year 7)
Professor Carrow (Alecto)
78.4%
Librarian
Madam Pince
77.8%
Muggle Studies (Years 1-
6)
Professor Burbage
72.8%
Arithmancy
Professor Vector
68.9%
Astronomy
Professor Sinistra
67%
Care of Magical Creatures (Years ?-
2)
Professor Kettleburn
51.7%
Study of Ancient Runes
Professor Babbling
48.3%
Quiz Playlist
Details
Report
Send in Message
Add To Playlist
Classic:
Type in answers that appear in a list
Forced Order:
Answers have to be entered in order
Last Updated: Feb 16, 2017
Quiz Scoreboard
CHALLENGE
Sign Up to Join the Scoreboard
Show All
Scores
Hide
Comments
May contain spoilers
Recently Published
Movies - When Are They Set?
by FPL_Elf
Movies
5m
Popular People in 1961
by mucciniale
History
6m
1-10 Letter E Words III
by El_Dandy
Language
2m
More to Explore
Quiz From the Vault
Featured Blog Post
Where Did the Easter Bunny Come From?
hide this ad
You Might Also Like...
Tags
Harry Potter Quiz
Dumbledore
Dumbledore's Army
Hogwarts
magic
Professor Trelawney
Witch
Wizard
Today's Top Quizzes in Literature
Browse Literature
hide this ad
Today's Top Quizzes in Harry Potter
Browse Harry Potter
Top Contributed Quizzes in Literature
1
Sneaky Slytherin Logic Puzzle
2
One Thing in Common: Literature
3
Get The Picture: Black or White Literature
4
Weasley Family Reunion: Logic Puzzle
5
Harry Potter Neighbourly Logic Puzzle #1
6
Harry Potter Neighbourly Logic Puzzle #5
7
One Thing in Common: Books
8
One Thing in Common: Literature II
9
One Thing in Common: Literature 3
10
Literary Siblings Odd One Out III
Explore More
Trending Topics
Disney
Harry Potter
Marvel
Kpop
Crossword
Anime
NBA
WWE
Soccer
Pokémon
Puzzle
Country
NFL
Song
The Office
hide this ad
More By:
scorpio4
Quiz
Plays
Rating
Category
Featured
Created
A Very Potter Musical Quiz
2,921
3.50
Entertainment
Aug 26, 2010
AVPM/S lyrics
1,372
3.80
Just For Fun
Aug 28, 2010
Pokemon Starters
410
5.00
Gaming
Dec 23, 2010
Harry Potter Hogwarts Staff
379
4.25
Literature
Oct 8, 2010
Go to Creator's Profile
Score Distribution
Quiz Creator Spotlight
scorpio4
Follow
Send a Message
Quizzes Created
-
Created Quiz Play Count
-
More By This Creator
Popular Quizzes Today
1
Find the Countries of Europe - No Outlines Minefield
2
Find the US States - No Outlines Minefield
3
The Countries of the World
4
Popular People in 1961
5
US States
6
1-10 Letter E Words III
7
Find the US States
8
One Thing in Common: World Cities II
More Literature Quizzes
Alphabetised Anagrams: Shakespeare Plays
Editor's Pick
Trending Quizzes
Risky Map Clicking: Least Populous States A-Z
1-10 Letter F Words
Humor Books: The Subtitles
1-10 Letter G Words
One Thing in Common: United Kingdom
Recently Updated
Leaping Animals
pecheneg
Reality TV Shows (A-Z)
bhenderson79
Rickey Henderson's Hall of Fame Teammates
pecheneg
Champions League XIs: Arsenal
pecheneg
Quick Pick: Celebrities in WWE's Hall of Fame
aduchscher
A-Z Keypad Blitz II
pecheneg
Multiple Oscar Actors
pecheneg
Mystery Phrase Blitz: Oscar 'Best Actors'
pecheneg
F. Scott Fitzgerald Novels
LTH
Pick 3 Villains
ddd62291
Trending Topics
Kpop
NBA
Harry Potter
Disney
Marvel
Crossword
Anime
NFL
WWE
Soccer
Pokémon
Country
Puzzle
Song
The Office
Your Account Isn't Verified!
In order to create a playlist on Sporcle, you need to verify the email address you used during registration. Go to your
Sporcle Settings
to finish the process.
Report this User
Report this user for behavior that violates our
Community Guidelines
.
Details:
Send Report
Go to the Sporcle.com Mobile Site →
Comments